حوار الحضارات : (Record no. 14923)
[ view plain ]
| 000 -الفاتح | |
|---|---|
| حقل البيانات ثابتة الطول | 01147nam a22002895a 4500 |
| 003 - محدد رقم الضبط | |
| رقم الضبط | OSt |
| 005 - وقت وتاريخ اخر تعامل مع التسجيلة | |
| رقم الضبط | 20190228133043.0 |
| 008 - عناصر البيانات ثابتة الطول - معلومات عامة | |
| حقل البيانات ثابتة الطول | 110119s2007 ua frb 000 0 ara dd |
| 017 ## - رقم الإيداع القانونى | |
| رقم الإيداع القانونى | 2007 / 24571 |
| 020 ## - الرقم الدولى المعيارى للكتب | |
| الرقم الدولى المعيارى للكتاب | 9770919292 |
| 040 ## - مصدر الفهرسة | |
| وكالة الفهرسة الأصلية | EG-ScBUE |
| لغة الفهرسة | ara |
| وكالة النسخ | EG-ScBUE |
| 041 1# - رمز اللغة | |
| رمز لغة النص/ المسارات الصوتية أو العنوان الانفرادي | ara |
| رمز لغة الترجمات و/او الاصلية المتوسطة للنص | eng |
| 082 04 - رقم تصنيف ديوى العشرى | |
| رقم التصنيف | 303.482 |
| رقم المادة | ز و ي |
| رقم الطبعة | 22 |
| 100 1# - المدخل الرئيسى - إسم شخصى | |
| الإسم الشخصى | زويل، أحمد، |
| التواريخ المصاحبة للاسم | 1946-2016. |
| 9 (RLIN) | 17378 |
| 240 1# - العنوان الموحد | |
| عنوان موحد | Dialogue of civilizations : making history through new world vision. |
| لغة العمل | Arabic |
| 245 10 - بيان العنوان | |
| العنوان | حوار الحضارات : |
| بقية العنوان | محاضرات / |
| بيان المسئوليه,etc | أحمد زويل ؛ ترجمة مصطفى محمود سليمان. |
| 250 ## - بيان الطبعة | |
| بيان الطبعة | ط. 1. |
| 260 ## - PUBLICATION, DISTRIBUTION, ETC. (IMPRINT) | |
| مكان الناشر او الموزع | القاهرة : |
| اسم الناشر او الموزع | دار الشروق، |
| تاريخ النشر أو التوزيع | 2007. |
| 300 ## - الوصف المادى | |
| التعداد | 28 ص. ؛ |
| أبعاد الوعاء | 20 سم. |
| 541 ## - تبصرة المصدر المباشر للتزويد | |
| مصدر التزويد | د. مصطفى محمود سليمان ؛ |
| طريقة التزويد | إهداء ؛ |
| 546 ## - تبصرة اللغة | |
| تبصرة اللغة | النص باللغة العربية ؛ مترجم من اللغة الإنجليزية. |
| 650 #7 - المدخل الاضافى بالموضوع-مصطلح موضوعى | |
| مصطلح موضوعي أو اسم جغرافي كعنصر مدخل | صراع الثقافات |
| التقسيم الفرعي الشكلي | مقالات ومحاضرات. |
| مصدر الرأس أو المصطلح | BUEsh |
| 651 ## - المدخل الاضافى بالموضوع - اسم جغرافى | |
| مصدر الرأس أو المصطلح | BUEsh |
| 653 ## - مصطلح تكشيفى غير مقيد | |
| Resource For college | BAEPS, Political Science |
| -- | Generalities |
| Arrived date list | December2017 |
| 700 1# - المدخل الاضافى - اسم شخصى | |
| الإسم الشخصى | سليمان، مصطفى محمود، |
| الدور | مترجم. |
| 9 (RLIN) | 39456 |
| 942 ## - عناصر المدخل الإضافي( كوها) | |
| مصدر التصنيف او مخطط الترفيف | Dewey Decimal Classification |
| حالة التراجع | حالة الفقد | مصدر التصنيف او خطة الترفيف | حالة تلف | ليس للاعارة | مجموعات كوها | المكان الدائم | المكان الحالي | موقع الترفيف | تاريخ الاكتساب | Source of acquisition | رقم الاستدعاء | الباركود | Date last seen | مُعار | تبصرة غير عامة( المفوع للعناصر المفقوده) | نوع الوعاء |
|---|---|---|---|---|---|---|---|---|---|---|---|---|---|---|---|---|
| Dewey Decimal Classification | Donation-Gift | Central Library | Central Library | First floor | 19/01/2011 | Donation | 303.482 ز و ي | 000022757 | 15/07/2025 | 06/01/2015 | إهداء من دكتور مصطفى سليمان | Book - Borrowing | ||||
| Dewey Decimal Classification | Donation-Gift | Central Library | Central Library | First floor | 19/12/2017 | Donation | 303.482 ز و ي | 000042685 | 15/07/2025 | إهداء من دكتور مصطفى سليمان | Book - Borrowing | |||||
| Dewey Decimal Classification | Donation-Gift | Central Library | Central Library | First floor | 19/12/2017 | Donation | 303.482 ز و ي | 000042686 | 15/07/2025 | إهداء من دكتور مصطفى سليمان | Book - Borrowing |